Estadísticas para Redes sociales por fotos

Haz click aquí para intentar la prueba.

Estadísticas generales

  • Esta prueba ha sido intentada 98 veces
  • La puntuación promedio es 11 de 16

Estadísticas de respuestas

Respuesta% Correcto
Facebook
100%
Instagram
100%
Tik Tok
100%
Twitter
99%
WhatsApp
98%
Pinterest
95%
SnapChat
95%
LinkedIn
89%
Telegram
78%
Reddit
70%
FaceTime
54%
WeChat
23%
Quora
22%
MySpace
15%
BuzzFeed
9%
Signal
6%

Distribución de puntuación

Porcentaje por número respondido

Porcentaje de gente con cada puntuación

Historial de tus puntuaciones

No has intentado esta prueba.